[Event "IECG TE.2006.P.02203 email"]
[Site "IECG email"]
[Date "2006.06.19"]
[Round "?"]
[White "Jordaan, Wayne"]
[Black "Kopp, Jean Raymond"]
[Result "1-0"]
[WhiteElo "1705"]
[BlackElo "1061"]
[PlyCount "51"]
[EventDate "2006.06.19"]
[EventType "tourn (corr)"]
[EventRounds "12"]
[SourceTitle "Corr 2024"]
[Source "ChessBase"]
[SourceDate "2023.10.19"]
[SourceVersion "1"]
[SourceVersionDate "2023.10.19"]
[SourceQuality "1"]

1. d4 f5 2. e4 fxe4 3. f3 Nf6 4. fxe4 e5 5. dxe5 Nxe4 6. Qd5 Nc5 7. Bc4 Qh4+ 8. Kf1 Qh5 9. Nc3 Be7 10. Nf3 c6 11. Qd4 b5 12. Be2 0-0 13. Kg1 Ne6 14. Qd2 Nf4 15. h3 Bc5+ 16. Kh2 d5 17. Qxf4 Rxf4 18. Bxf4 Bg4 19. Nd4 Bxe2 20. Ncxe2 Nd7 21. e6 Nf8 22. Bg3 Nxe6 23. Nxe6 Be3 24. N2d4 Bxd4 25. Nxd4 Qe5 26. Bxe5 1-0

[Event "IECG TE.2006.P.02203 email"]
[Site "IECG email"]
[Date "2006.06.19"]
[Round "?"]
[White "Kopp, Jean Raymond"]
[Black "Jordaan, Wayne"]
[Result "1-0"]
[WhiteElo "1061"]
[BlackElo "1705"]
[PlyCount "83"]
[EventDate "2006.06.19"]
[EventType "tourn (corr)"]
[EventRounds "12"]
[SourceTitle "Corr 2024"]
[Source "ChessBase"]
[SourceDate "2023.10.19"]
[SourceVersion "1"]
[SourceVersionDate "2023.10.19"]
[SourceQuality "1"]

1. d4 f5 2. e4 fxe4 3. Nc3 Nf6 4. Bg5 c6 5. f3 d5 6. fxe4 dxe4 7. Bc4 b5 8. Bb3 b4 9. Na4 Nbd7 10. Ne2 Qa5 11. Be3 e5 12. 0-0 Ba6 13. c3 Bd3 14. Rc1 Nd5 15. Bg5 h6 16. Bh4 g5 17. Bf2 Qa6 18. c4 N5f6 19. Bc2 Bxc4 20. Re1 c5 21. Nxc5 Nxc5 22. dxc5 Rd8 23. Ba4+ Ke7 24. Qc2 Bd3 25. Qb3 Bxe2 26. c6 Rd5 27. c7 Bg4 28. Rc6 Qc8 29. Rf1 Be6 30. Bxa7 Rd6 31. Qxb4 Kf7 32. Rxd6 Qxc7 33. Bc5 Bxd6 34. Bxd6 Qc4 35. Qb7+ Kg6 36. Qe7 Ng4 37. Bc5 Rc8 38. b4 Qxa2 39. h3 Bf7 40. Bd7 Rxc5 41. bxc5 Ne3 42. Qf6+ 1-0

[Event "IECG TE.2005.P.02014"]
[Site "IECG email"]
[Date "2005.12.19"]
[Round "?"]
[White "Kopp, Jean Raymond"]
[Black "Buczinski, Henryk"]
[Result "1-0"]
[WhiteElo "1015"]
[BlackElo "2171"]
[PlyCount "122"]
[EventDate "2005.12.19"]
[EventType "tourn (corr)"]
[EventRounds "8"]
[SourceTitle "Corr 2008"]
[Source "ChessBase"]
[SourceDate "2008.06.24"]
[SourceVersion "1"]
[SourceVersionDate "2008.06.24"]
[SourceQuality "1"]

1. e4 e5 2. Nf3 Nc6 3. c3 Nf6 4. d4 Nxe4 5. d5 Nb8 6. Bd3 Nc5 7. Nxe5 Nxd3+ 8. Nxd3 Qf6 9. 0-0 Be7 10. Re1 0-0 11. Be3 Bd8 12. Bd4 Qh6 13. Be3 Qf6 14. d6 b6 15. Bf4 c5 16. Bg3 Bb7 17. Na3 Qf5 18. Nc2 Bg5 19. f4 Bd8 20. Ne3 Qe4 21. Nf2 Qc6 22. Nfg4 Qe4 23. b3 h5 24. Nf2 Qh7 25. Nh3 h4 26. Bf2 a5 27. Rc1 Nc6 28. Qd5 a4 29. b4 Rb8 30. Qd2 Qg6 31. Rcd1 Re8 32. bxc5 bxc5 33. Rb1 Bf6 34. Rb2 a3 35. Rb5 Bxc3 36. Qxc3 Nd4 37. Rxb7 Rxb7 38. f5 Qxd6 39. Qxa3 Reb8 40. f6 Rb1 41. Bxh4 Rxe1+ 42. Bxe1 Qe5 43. Bh4 d5 44. Bg3 Rb1+ 45. Kf2 Qxf6+ 46. Bf4 Ne6 47. Qa8+ Kh7 48. Qxd5 Nxf4 49. Ng5+ Kg6 50. Qe4+ Kxg5 51. h4+ Kxh4 52. Qxb1 Nh3+ 53. Ke2 Qf2+ 54. Kd3 Nf4+ 55. Ke4 f5+ 56. Nxf5+ Kg5 57. Ne3 Nxg2 58. Qc1 Qxe3+ 59. Qxe3+ Nxe3 60. Kd3 Kf4 61. Kd2 Nc4+ 1-0

[Event "CFriend CP-2005-P-00016"]
[Site "Chessfriend.com"]
[Date "2005.10.01"]
[Round "1"]
[White "Evans, Gordon R"]
[Black "Kopp, Jean Raymond"]
[Result "1-0"]
[WhiteElo "2272"]
[BlackElo "1015"]
[PlyCount "85"]
[EventDate "2005.??.??"]
[EventType "tourn (corr)"]
[EventRounds "6"]
[SourceTitle "Corr 2008"]
[Source "ChessBase"]
[SourceDate "2008.06.24"]
[SourceVersion "1"]
[SourceVersionDate "2008.06.24"]
[SourceQuality "1"]

1. e4 d5 2. exd5 Nf6 3. d4 Nxd5 4. c4 Nf6 5. Nc3 e5 6. Be3 exd4 7. Qxd4 Qxd4 8. Bxd4 Be7 9. 0-0-0 Be6 10. Nb5 Na6 11. Nf3 0-0 12. Be2 c6 13. Nc3 Nb4 14. a3 Na6 15. Be5 Rfe8 16. Nd4 Bd7 17. Rhe1 Rad8 18. h3 Bc8 19. Bd3 Nd7 20. Bf4 Ndc5 21. Bc2 Ne6 22. Nxe6 Bxe6 23. b4 Rxd1+ 24. Rxd1 Nb8 25. c5 a5 26. Ne4 Na6 27. Rd4 axb4 28. axb4 Rd8 29. Rxd8+ Bxd8 30. Bd2 Be7 31. Bd3 Kf8 32. Kb2 Ke8 33. Bc3 f5 34. Nd2 g6 35. Nc4 Nc7 36. Na5 Bc8 37. Be5 Nd5 38. Kb3 Kf7 39. Nc4 Bf6 40. Nd6+ Ke6 41. Bxf6 Kxf6 42. Nxc8 Ke6 43. Bc4 1-0

[Event "CFriend CP-2005-P-00016"]
[Site "Chessfriend.com"]
[Date "2005.10.01"]
[Round "1"]
[White "Kopp, Jean Raymond"]
[Black "Roberts, David Llewelyn"]
[Result "1-0"]
[WhiteElo "1015"]
[BlackElo "1162"]
[PlyCount "55"]
[EventDate "2005.??.??"]
[EventType "tourn (corr)"]
[EventRounds "6"]
[SourceTitle "Corr 2008"]
[Source "ChessBase"]
[SourceDate "2008.06.24"]
[SourceVersion "1"]
[SourceVersionDate "2008.06.24"]
[SourceQuality "1"]

1. e3 e5 2. d4 exd4 3. exd4 d5 4. Nf3 Nc6 5. Bb5 Bd6 6. 0-0 Nge7 7. c3 0-0 8. Re1 Bg4 9. Nbd2 a6 10. Bd3 Qd7 11. Nf1 Bh5 12. Ne5 Bxd1 13. Nxd7 Rfd8 14. Nf6+ gxf6 15. Rxd1 Ng6 16. Ng3 Re8 17. Nh5 Be7 18. Bh6 Rad8 19. f4 Rd6 20. f5 Nf8 21. Re1 Ng6 22. Re3 Rdd8 23. Rae1 Nce5 24. dxe5 Nxe5 25. Rg3+ Ng6 26. Kf1 c5 27. Ng7 c4 28. Nxe8 1-0

[Event "CFriend CP-2005-P-00016"]
[Site "Chessfriend.com"]
[Date "2005.10.01"]
[Round "1"]
[White "Ralls, Richard Nelson"]
[Black "Kopp, Jean Raymond"]
[Result "1-0"]
[WhiteElo "2077"]
[BlackElo "1015"]
[PlyCount "55"]
[EventDate "2005.??.??"]
[EventType "tourn (corr)"]
[EventRounds "6"]
[SourceTitle "Corr 2008"]
[Source "ChessBase"]
[SourceDate "2008.06.24"]
[SourceVersion "1"]
[SourceVersionDate "2008.06.24"]
[SourceQuality "1"]

1. e4 d5 2. exd5 Nf6 3. Bb5+ Bd7 4. Be2 Nxd5 5. d4 e6 6. c4 Nf6 7. Nf3 c5 8. 0-0 cxd4 9. Qxd4 Nc6 10. Qh4 Be7 11. Rd1 0-0 12. Nc3 Qa5 13. a3 h6 14. Qg3 Nh5 15. Qh3 Nf6 16. Be3 Rad8 17. b4 Qc7 18. Bd3 b6 19. Bxh6 gxh6 20. Qxh6 Be8 21. Ng5 Qe5 22. Nce4 Qxe4 23. Bxe4 Ne5 24. Bh7+ Kh8 25. Bf5+ Kg8 26. Re1 exf5 27. Rxe5 Bc5 28. Rxf5 1-0

[Event "IECG TE.2005.P.01903 email"]
[Site "IECG email"]
[Date "2005.06.19"]
[Round "?"]
[White "Kopp, Jean Raymond"]
[Black "Moeckel, Jean"]
[Result "0-1"]
[WhiteElo "984"]
[BlackElo "1404"]
[PlyCount "144"]
[EventDate "2005.06.19"]
[EventType "tourn (corr)"]
[EventRounds "12"]
[SourceTitle "Corr 2024"]
[Source "ChessBase"]
[SourceDate "2023.10.19"]
[SourceVersion "1"]
[SourceVersionDate "2023.10.19"]
[SourceQuality "1"]

1. d4 d5 2. e4 dxe4 3. Nc3 Nf6 4. f3 Nc6 5. d5 Ne5 6. fxe4 e6 7. Bf4 Ng6 8. Bg5 Bd7 9. Qd4 e5 10. Qc4 Bd6 11. Nf3 0-0 12. 0-0-0 a6 13. h4 b5 14. Qb3 b4 15. Ne2 h6 16. h5 hxg5 17. hxg6 Ng4 18. gxf7+ Rxf7 19. Re1 Nf2 20. Rh2 Nxe4 21. Qe3 Bf5 22. g4 Bg6 23. Bg2 Rf8 24. Reh1 Qf6 25. Kb1 Bc5 26. Qb3 Qd6 27. Rh8+ Kf7 28. Nxe5+ Kf6 29. Rxf8+ Rxf8 30. Nf3 Kf7 31. Rd1 Kg8 32. Nfd4 Bxd4 33. Nxd4 Rf2 34. Bxe4 Bxe4 35. Qa4 Kf7 36. a3 bxa3 37. bxa3 g6 38. Qc4 Bxd5 39. Qd3 Qb6+ 40. Nb3 c6 41. Qh3 Kg7 42. Qc3+ Kg8 43. Rd3 Rf1+ 44. Kb2 Qa7 45. Re3 Qg7 46. Nc5 Qxc3+ 47. Rxc3 a5 48. Nd3 Rg1 49. Ne5 Kg7 50. Rc5 a4 51. c4 Be4 52. Kc3 Kf6 53. Ra5 Rd1 54. Kb4 Ke6 55. Kc3 Rd8 56. Rc5 Kd6 57. Nf7+ Kxc5 58. Nxd8 Bf3 59. Ne6+ Kd6 60. Nxg5 Bxg4 61. Kb4 Bd1 62. Nf7+ Kc7 63. Kc5 Bc2 64. Ng5 Bd3 65. Ne6+ Kd7 66. Nf8+ Ke7 67. Nxg6+ Bxg6 68. Kxc6 Ke6 69. Kb5 Be8+ 70. Kb4 Kd6 71. Kc3 Kc5 72. Kd3 Bg6+ 0-1

[Event "IECG TE.2005.P.01903 email"]
[Site "IECG email"]
[Date "2005.06.19"]
[Round "?"]
[White "Kopp, Jean Raymond"]
[Black "Quinones, Jorge"]
[Result "0-1"]
[WhiteElo "984"]
[BlackElo "2009"]
[PlyCount "96"]
[EventDate "2005.06.19"]
[EventType "tourn (corr)"]
[EventRounds "12"]
[SourceTitle "Corr 2024"]
[Source "ChessBase"]
[SourceDate "2023.10.19"]
[SourceVersion "1"]
[SourceVersionDate "2023.10.19"]
[SourceQuality "1"]

1. d4 d5 2. e4 dxe4 3. Nc3 Nf6 4. f3 exf3 5. Nxf3 Bf5 6. Bb5+ c6 7. Bd3 Bxd3 8. cxd3 e6 9. 0-0 Be7 10. Qb3 Qb6 11. Qc4 Nbd7 12. Bf4 0-0 13. Rac1 a5 14. Bg5 h6 15. Bd2 Rfd8 16. Rce1 Qa6 17. Qb3 a4 18. Qc2 a3 19. b3 Rac8 20. Ne4 c5 21. Rc1 b6 22. Nf2 cxd4 23. Qb1 e5 24. Rce1 Bd6 25. Nh4 Bf8 26. Qd1 Rc6 27. Nf3 Qb5 28. Qb1 Rdc8 29. Rc1 Bb4 30. Bxb4 Qxb4 31. Rc4 Qd6 32. Nh4 Qe6 33. Rxc6 Rxc6 34. Ne4 Nd5 35. Nf5 Kh7 36. Nh4 Qg4 37. Nf5 Nf4 38. Nfg3 f5 39. Nf2 Qg5 40. Nfh1 h5 41. h4 Qxh4 42. Qd1 Nf6 43. Nxf5 Qg5 44. Nfg3 Ng4 45. Nf2 Nxf2 46. Qf3 h4 47. Nh5 e4 48. dxe4 Rc3 0-1

[Event "IECG TE.2005.P.01903 email"]
[Site "IECG email"]
[Date "2005.06.19"]
[Round "?"]
[White "Quinones, Jorge"]
[Black "Kopp, Jean Raymond"]
[Result "1/2-1/2"]
[WhiteElo "2009"]
[BlackElo "984"]
[PlyCount "109"]
[EventDate "2005.06.19"]
[EventType "tourn (corr)"]
[EventRounds "12"]
[SourceTitle "Corr 2024"]
[Source "ChessBase"]
[SourceDate "2023.10.19"]
[SourceVersion "1"]
[SourceVersionDate "2023.10.19"]
[SourceQuality "1"]

1. d4 d5 2. e4 dxe4 3. Nc3 Nf6 4. f3 Bf5 5. fxe4 Nxe4 6. Qf3 Nxc3 7. bxc3 Qc8 8. Bc4 e6 9. Rb1 Bd6 10. Rxb7 0-0 11. Nh3 c5 12. Ba3 Bg4 13. Qe4 Bf5 14. Qf3 Nc6 15. Ba6 Na5 16. Nf2 Qd8 17. Rb5 Rb8 18. Rxb8 Qxb8 19. dxc5 Qb1+ 20. Qd1 Qxa2 21. Qxd6 Qxa3 22. 0-0 Bxc2 23. Bd3 Bxd3 24. Nxd3 Qxc3 25. Rc1 Qb3 26. Kf2 Qa2+ 27. Kg1 Nb3 28. Rf1 Qa4 29. Ne5 Qd4+ 30. Qxd4 Nxd4 31. Ra1 Ra8 32. Ra6 Nb5 33. Nc6 f6 34. Kf2 Kf7 35. Ke3 Ke8 36. Nd4 Nxd4 37. Kxd4 Kd7 38. g4 Ke7 39. Ke3 h6 40. Ke4 g6 41. Kf4 Kf7 42. Ke4 h5 43. gxh5 gxh5 44. h4 Ke7 45. Kf4 Kd7 46. Ke4 Ke7 47. Kf4 Kf7 48. Ke4 Kf8 49. Rxe6 Re8 50. Kf5 Rxe6 51. Kxe6 Ke8 52. Kxf6 Kd7 53. Ke5 Kc6 54. Kd4 a5 55. Kc4 1/2-1/2

[Event "IECG TE.2005.P.01813 email"]
[Site "IECG email"]
[Date "2005.03.24"]
[Round "?"]
[White "Hassim, Unes"]
[Black "Kopp, Jean Raymond"]
[Result "1/2-1/2"]
[WhiteElo "2067"]
[BlackElo "972"]
[PlyCount "103"]
[EventDate "2005.03.24"]
[EventType "tourn (corr)"]
[EventRounds "4"]
[SourceTitle "Corr 2008"]
[Source "ChessBase"]
[SourceDate "2008.06.24"]
[SourceVersion "1"]
[SourceVersionDate "2008.06.24"]
[SourceQuality "1"]

1. d4 Nf6 2. c4 c5 3. d5 b5 4. Nf3 Bb7 5. Qc2 Na6 6. Nc3 b4 7. Ne4 Nxe4 8. Qxe4 e6 9. Qf4 d6 10. e4 Be7 11. Bd3 0-0 12. 0-0 Bf6 13. Re1 Re8 14. dxe6 Rxe6 15. Qf5 g6 16. Qg4 Qf8 17. Ng5 Re7 18. Nf3 Rae8 19. Rb1 Qg7 20. Qg3 Re6 21. b3 Bc3 22. Rd1 f6 23. Bd2 Qc7 24. a4 Bxe4 25. Bxe4 Rxe4 26. Be3 Rd8 27. Rd3 d5 28. Rxd5 Rxd5 29. Qxc7 Nxc7 30. cxd5 Bd4 31. Bxd4 cxd4 32. Rd1 Nxd5 33. Kf1 Nc3 34. Rd2 a5 35. Nxd4 Re5 36. Nf3 Rh5 37. g4 Rc5 38. Rd8+ Kf7 39. Rd7+ Kg8 40. Nd4 h5 41. gxh5 Rxh5 42. Ra7 Rh4 43. Nc6 Rxh2 44. Rxa5 Ne4 45. Ke2 f5 46. Ke3 Nxf2 47. Nxb4 Nd1+ 48. Kf4 Rh4+ 49. Kg5 Rxb4 50. Kxg6 Rb6+ 51. Kxf5 Rxb3 52. Ra8+ 1/2-1/2

[Event "IECG TE.2005.P.01813 email"]
[Site "IECG email"]
[Date "2005.03.24"]
[Round "?"]
[White "Peroutik, Jiri"]
[Black "Kopp, Jean Raymond"]
[Result "1/2-1/2"]
[WhiteElo "1624"]
[BlackElo "972"]
[PlyCount "57"]
[EventDate "2005.03.24"]
[EventType "tourn (corr)"]
[EventRounds "4"]
[SourceTitle "Corr 2008"]
[Source "ChessBase"]
[SourceDate "2008.06.24"]
[SourceVersion "1"]
[SourceVersionDate "2008.06.24"]
[SourceQuality "1"]

1. d4 Nf6 2. c4 c5 3. d5 b5 4. Nf3 Bb7 5. Nbd2 bxc4 6. e4 e6 7. dxe6 dxe6 8. Bxc4 Bxe4 9. Nxe4 Qxd1+ 10. Kxd1 Nxe4 11. Bb5+ Ke7 12. Be3 Nd7 13. Bc6 Rd8 14. Ke2 Ndf6 15. Ne5 Nd5 16. f3 Nxe3 17. Bxe4 Nxg2 18. Nc6+ Ke8 19. Nxd8 Kxd8 20. Rag1 Nf4+ 21. Ke3 e5 22. Rc1 g6 23. Rc4 f5 24. Bc2 Kc7 25. Ra4 Kb6 26. Rd1 a5 27. Bb3 Be7 28. Rd7 Bg5 29. Rd6+ 1/2-1/2

[Event "IECG CP.2004.P.00023 email"]
[Site "IECG email"]
[Date "2004.10.01"]
[Round "?"]
[White "Kopp, Jean Raymond"]
[Black "Rufu, Relu"]
[Result "1/2-1/2"]
[WhiteElo "957"]
[BlackElo "1989"]
[PlyCount "120"]
[EventDate "2004.10.01"]
[EventType "tourn (corr)"]
[EventRounds "6"]
[SourceTitle "Corr 2011"]
[Source "ChessBase"]
[SourceDate "2010.08.31"]
[SourceVersion "1"]
[SourceVersionDate "2010.08.31"]
[SourceQuality "1"]

1. e4 c5 2. Nf3 Nc6 3. Bb5 e6 4. 0-0 Nge7 5. c3 a6 6. Ba4 b5 7. Bc2 Bb7 8. a4 Ng6 9. axb5 axb5 10. Rxa8 Qxa8 11. d4 cxd4 12. Nxd4 Nxd4 13. Qxd4 Be7 14. Re1 e5 15. Qd3 Bc6 16. Na3 Qb7 17. Bb3 0-0 18. Nc2 Kh8 19. f3 Bc5+ 20. Be3 Nf4 21. Qd2 Qb6 22. Bxc5 Qxc5+ 23. Qe3 Nd3 24. Rb1 d6 25. Kf1 Qxe3 26. Nxe3 Nc5 27. Ba2 Ra8 28. Bxf7 Bxe4 29. Rd1 Bd3+ 30. Kg1 e4 31. fxe4 Bxe4 32. Rxd6 Ra1+ 33. Kf2 g6 34. Bd5 Nd3+ 35. Kg3 Bxd5 36. Rxd5 Nxb2 37. Rxb5 Nd1 38. Nd5 Ra3 39. Rc5 Kg7 40. Rc7+ Kh6 41. h4 g5 42. Rc6+ Kh5 43. Nf6+ Kg6 44. h5+ Kf5 45. Nxh7 Rxc3+ 46. Rxc3 Nxc3 47. Nf8 Ne4+ 48. Kh3 Nf2+ 49. Kh2 Ng4+ 50. Kg3 Nh6 51. Ng6 Ng8 52. Kh3 Nf6 53. Nf8 Ng4 54. Kg3 Ne5 55. Kh3 Ng4 56. g3 Ne5 57. h6 Kf6 58. h7 Kg7 59. Ne6+ Kxh7 60. Nxg5+ Kg6 1/2-1/2

[Event "IECG TE.2004.P.01606 email"]
[Site "IECG email"]
[Date "2004.09.22"]
[Round "?"]
[White "Wagner, Richard"]
[Black "Kopp, Jean Raymond"]
[Result "1-0"]
[WhiteElo "2006"]
[BlackElo "957"]
[PlyCount "149"]
[EventDate "2004.09.22"]
[EventType "tourn (corr)"]
[EventRounds "8"]
[SourceTitle "Corr 2008"]
[Source "ChessBase"]
[SourceDate "2008.06.24"]
[SourceVersion "1"]
[SourceVersionDate "2008.06.24"]
[SourceQuality "1"]

1. e4 c6 2. d4 d5 3. e5 c5 4. dxc5 e6 5. Qg4 Ne7 6. Nf3 Ng6 7. Bd3 Nc6 8. Qg3 Bxc5 9. Nc3 0-0 10. 0-0 Bd7 11. a3 a6 12. h4 Qc7 13. Re1 f5 14. Na4 Be7 15. Bg5 Ncxe5 16. Bxe7 f4 17. Qg5 Nxd3 18. cxd3 Rf5 19. Rac1 Qa5 20. Qg4 Qxa4 21. b3 Qxb3 22. Nd4 Qxd3 23. Nxf5 exf5 24. Qg5 Be8 25. Rcd1 Qc2 26. Rxd5 Bc6 27. Rdd1 Nxe7 28. Qxe7 h6 29. Rd8+ Rxd8 30. Qxd8+ Kh7 31. Qd4 Qa4 32. Qxa4 Bxa4 33. Re7 Bc6 34. h5 f3 35. g4 fxg4 36. Kh2 Kg8 37. Kg3 Kh7 38. Kxg4 Kg8 39. Kf5 Kf8 40. Rc7 Kg8 41. Ke6 Be4 42. a4 b6 43. Ke5 Bd3 44. Rc6 a5 45. Kd4 Bf5 46. Rxb6 Bc2 47. Ra6 Bxa4 48. Rxa5 Bd1 49. Rf5 Be2 50. Ke5 Bd1 51. Kd6 g6 52. Rd5 Ba4 53. Ke5 g5 54. Kf6 Be8 55. Rd8 Kf8 56. Ra8 g4 57. Ra7 Bxh5 58. Rh7 Kg8 59. Rxh6 Be8 60. Rh4 Bd7 61. Rh5 Bc6 62. Rg5+ Kf8 63. Rxg4 Ke8 64. Rg7 Bb5 65. Ke5 Bf1 66. Kf4 Be2 67. Rg3 Ke7 68. Rxf3 Bxf3 69. Kxf3 Kf6 70. Kf4 Ke6 71. Kg5 Kf7 72. Kf5 Ke7 73. Kg6 Kf8 74. Kf6 Ke8 75. f4 1-0

[Event "IECG CP.2002.P.00049 email"]
[Site "IECG email"]
[Date "2002.10.01"]
[Round "?"]
[White "Alvebring, Martin"]
[Black "Kopp, Jean Raymond"]
[Result "1-0"]
[WhiteElo "2242"]
[BlackElo "800"]
[PlyCount "37"]
[EventDate "2002.10.01"]
[EventType "tourn (corr)"]
[EventRounds "6"]
[EventCountry "SWE"]
[SourceTitle "Corr 2008"]
[Source "ChessBase"]
[SourceDate "2008.06.24"]
[SourceVersion "1"]
[SourceVersionDate "2008.06.24"]
[SourceQuality "1"]

1. e4 d5 2. exd5 Qxd5 3. Nc3 Qd6 4. d4 e5 5. Qe2 Qxd4 6. Nf3 Qc5 7. Be3 Qe7 8. Nd5 Qd8 9. 0-0-0 Nc6 10. Bg5 Qd6 11. Nxe5 Nxe5 12. Nxc7+ Qxc7 13. Qxe5+ Be7 14. Qxc7 Bxg5+ 15. f4 Bxf4+ 16. Qxf4 a6 17. Qa4+ Ke7 18. Qe4+ Be6 19. Qxb7+ 1-0

[Event "IECG CP.2002.P.00049 email"]
[Site "IECG email"]
[Date "2002.10.01"]
[Round "?"]
[White "Kopp, Jean Raymond"]
[Black "Kerkvliet, Kees"]
[Result "0-1"]
[WhiteElo "800"]
[BlackElo "1500"]
[PlyCount "42"]
[EventDate "2002.10.01"]
[EventType "tourn (corr)"]
[EventRounds "6"]
[EventCountry "SWE"]
[SourceTitle "Corr 2008"]
[Source "ChessBase"]
[SourceDate "2008.06.24"]
[SourceVersion "1"]
[SourceVersionDate "2008.06.24"]
[SourceQuality "1"]

1. d4 d5 2. Nf3 Nf6 3. Bf4 e6 4. c3 Be7 5. Nbd2 b6 6. e3 0-0 7. Nb3 c5 8. Nxc5 bxc5 9. dxc5 Bxc5 10. Bd3 Bb7 11. 0-0 Nc6 12. Qb3 Qe7 13. Rad1 e5 14. Nxe5 Nxe5 15. Bxe5 Qxe5 16. Qxb7 Rab8 17. Qc6 Ng4 18. g3 Bxe3 19. fxe3 Qxe3+ 20. Kh1 Rxb2 21. h3 Rh2# 0-1

[Event "IECG CP.2002.P.00049 email"]
[Site "IECG email"]
[Date "2002.10.01"]
[Round "?"]
[White "Kopp, Jean Raymond"]
[Black "Szokol, Imre"]
[Result "1/2-1/2"]
[WhiteElo "800"]
[BlackElo "1172"]
[PlyCount "86"]
[EventDate "2002.10.01"]
[EventType "tourn (corr)"]
[EventRounds "6"]
[EventCountry "SWE"]
[SourceTitle "Corr 2008"]
[Source "ChessBase"]
[SourceDate "2008.06.24"]
[SourceVersion "1"]
[SourceVersionDate "2008.06.24"]
[SourceQuality "1"]

1. g3 Nf6 2. Nf3 g6 3. b4 Bg7 4. Bb2 0-0 5. Bg2 d6 6. 0-0 e5 7. c4 Nc6 8. b5 Ne7 9. d4 e4 10. Nfd2 d5 11. Nc3 dxc4 12. Ncxe4 Nxe4 13. Bxe4 Bxd4 14. Nxc4 Bxb2 15. Nxb2 Qe8 16. Qa4 Bd7 17. Bxb7 Bxb5 18. Qa3 Rb8 19. Bg2 Nf5 20. Qxa7 Bxe2 21. Rfb1 Qe5 22. Na4 Rxb1+ 23. Rxb1 Bd3 24. Rc1 Nd4 25. Qxc7 Qf5 26. Rd1 Ne2+ 27. Kh1 Be4 28. Qc4 Re8 29. Nc3 Nxc3 30. Qxc3 h5 31. f3 Ba8 32. a3 Rc8 33. Qd3 Qa5 34. Qd7 Qc3 35. Rf1 Kg7 36. Qa4 Qb2 37. Qb4 Qf6 38. a4 Rc2 39. Qb1 Rb2 40. Qa1 g5 41. Qa3 Qd4 42. Qe7 Qd2 43. Rf2 Qxf2 1/2-1/2